[Event "GER-chT U14 Girls"]
[Site "Magdeburg"]
[Date "2015.12.29"]
[Round "5.1"]
[White "Rudolph, Eva"]
[Black "Seeburger, Milena"]
[Result "1-0"]
[WhiteElo "1545"]
[BlackElo "1314"]
[PlyCount "89"]
[EventDate "2015.12.27"]
[EventType "team-swiss"]
[EventRounds "7"]
[EventCountry "GER"]
[SourceTitle "EXT 2017"]
[Source "ChessBase"]
[SourceDate "2016.10.25"]
[SourceVersion "1"]
[SourceVersionDate "2016.10.25"]
[SourceQuality "1"]
[WhiteTeam "Duesseldorf"]
[BlackTeam "Ersingen"]
[WhiteTeamCountry "GER"]
[BlackTeamCountry "GER"]

1. e4 e6 2. d4 d5 3. Nd2 Bb4 4. c3 Be7 5. Ngf3 Nf6 6. e5 Nfd7 7. Bd3 c5 8. 0-0 f6 9. exf6 Bxf6 10. Re1 Qe7 11. Bf5 Nf8 12. dxc5 Qxc5 13. Nb3 Qd6 14. c4 Kf7 15. Bh3 Nc6 16. Ng5+ Bxg5 17. Bxg5 Bd7 18. Qf3+ Kg8 19. cxd5 Qxd5 20. Qg3 Nd4 21. Bf6 Ng6 22. Bxd4 Rf8 23. Rad1 Qc6 24. Bxa7 Ra8 25. Rxd7 Re8 26. Red1 e5 27. Rd8 h6 28. Bb6 Kh7 29. R8d6 Qc2 30. Qf3 Rhf8 31. Qg3 Rf6 32. R6d2 Qc6 33. Bd7 Qxb6 34. Bxe8 Rf5 35. Bxg6+ Qxg6 36. Qxg6+ Kxg6 37. Rd7 b6 38. Rb7 Rf6 39. Rdd7 Kh5 40. Rxg7 Rd6 41. h3 Rd1+ 42. Kh2 Rb1 43. g4+ Kh4 44. Rxb6 Rxb2 45. Rxh6# 1-0

[Event "GER-chT U14 Girls"]
[Site "Magdeburg"]
[Date "2015.12.29"]
[Round "6.1"]
[White "Seeburger, Milena"]
[Black "Kunisch, Nina"]
[Result "1/2-1/2"]
[WhiteElo "1314"]
[BlackElo "1513"]
[PlyCount "49"]
[EventDate "2015.12.27"]
[EventType "team-swiss"]
[EventRounds "7"]
[EventCountry "GER"]
[SourceTitle "EXT 2017"]
[Source "ChessBase"]
[SourceDate "2016.10.25"]
[SourceVersion "1"]
[SourceVersionDate "2016.10.25"]
[SourceQuality "1"]
[WhiteTeam "Ersingen"]
[BlackTeam "Neumarkt"]
[WhiteTeamCountry "GER"]
[BlackTeamCountry "GER"]

1. e4 c5 2. Nf3 Nc6 3. d4 cxd4 4. Nxd4 g6 5. Nc3 Bg7 6. Be3 Nf6 7. Be2 0-0 8. 0-0 d5 9. Nxc6 bxc6 10. Bf3 dxe4 11. Qxd8 Rxd8 12. Nxe4 Bf5 13. Nxf6+ Bxf6 14. c3 Rdc8 15. Rad1 a5 16. Bd4 Bxd4 17. Rxd4 Rcb8 18. b4 e5 19. Rd6 e4 20. Bd1 axb4 21. cxb4 Rxb4 22. Bb3 c5 23. Rc1 c4 24. Rd4 Be6 25. Rxe4 1/2-1/2

[Event "GER-chT U14 Girls"]
[Site "Magdeburg"]
[Date "2015.12.27"]
[Round "2.1"]
[White "Alferova, Ekaterina"]
[Black "Seeburger, Milena"]
[Result "1-0"]
[WhiteElo "1348"]
[BlackElo "1314"]
[PlyCount "59"]
[EventDate "2015.12.27"]
[EventType "team-swiss"]
[EventRounds "7"]
[EventCountry "GER"]
[SourceTitle "EXT 2017"]
[Source "ChessBase"]
[SourceDate "2016.10.25"]
[SourceVersion "1"]
[SourceVersionDate "2016.10.25"]
[SourceQuality "1"]
[WhiteTeam "Ammersee"]
[BlackTeam "Ersingen"]
[WhiteTeamCountry "GER"]
[BlackTeamCountry "GER"]

1. e4 e5 2. Nf3 Nc6 3. Bc4 Bc5 4. Nc3 Nf6 5. d3 0-0 6. Bg5 d6 7. h3 Be6 8. Bb3 Bb4 9. 0-0 h6 10. Bh4 Bxb3 11. axb3 Bxc3 12. bxc3 a6 13. Re1 Re8 14. d4 Qd7 15. Bxf6 gxf6 16. d5 Ne7 17. Nh4 Kh7 18. Qf3 Ng6 19. Nf5 Nf4 20. Kh2 Rh8 21. g3 Ng6 22. Qh5 Kg8 23. Re3 Rh7 24. Rf3 Ne7 25. Nxe7+ Qxe7 26. Qf5 Kg7 27. c4 Rah8 28. b4 c6 29. dxc6 bxc6 30. Rxa6 1-0

[Event "Baden-ch U12"]
[Site "Karlsruhe"]
[Date "2012.01.04"]
[Round "4"]
[White "Seeburger, Milena"]
[Black "Zimmermann, Robin"]
[Result "0-1"]
[WhiteElo "782"]
[BlackElo "838"]
[PlyCount "96"]
[EventDate "2012.01.03"]
[EventType "swiss"]
[EventRounds "7"]
[EventCountry "GER"]
[SourceTitle "EXT 2015"]
[Source "ChessBase"]
[SourceDate "2014.11.20"]
[SourceVersion "1"]
[SourceVersionDate "2014.11.20"]
[SourceQuality "1"]

1. e4 c5 2. Nc3 d6 3. Bb5+ Bd7 4. Nf3 a6 5. Ba4 b5 6. b3 bxa4 7. bxa4 e5 8. 0-0 Be7 9. Nd5 Nf6 10. c4 Nxd5 11. cxd5 Bxa4 12. Qxa4+ Qd7 13. Qxd7+ Nxd7 14. d3 Rb8 15. Bg5 Nf6 16. Rfb1 0-0 17. h3 h6 18. Rxb8 Rxb8 19. Bxf6 Bxf6 20. Nd2 Bg5 21. Rb1 Re8 22. Nc4 Rd8 23. Rb6 Be7 24. Rb7 Bf8 25. Na5 Rc8 26. a4 g6 27. Ra7 f5 28. f3 f4 29. Rxa6 Rb8 30. Kh2 Be7 31. g3 Rb2+ 32. Kg1 fxg3 33. Nc4 Rc2 34. Rb6 Bh4 35. Ne3 Ra2 36. Rb8+ Kf7 37. Rb1 Bg5 38. Nd1 g2 39. Rb2 Ra1 40. Rb7+ Kf6 41. Kxg2 Rxd1 42. Rb6 Ke7 43. a5 Rxd3 44. a6 Ra3 45. Kg3 Ra2 46. h4 Bf4+ 47. Kh3 Rh2+ 48. Kg4 h5# 0-1